[Event "Sochi Amateur op 6th"]
[Site "Sochi"]
[Date "2019.04.10"]
[Round "6"]
[White "Vaseptsov, Maxim"]
[Black "Egorov, Mikhail1111"]
[Result "1-0"]
[WhiteElo "2256"]
[BlackElo "1928"]
[PlyCount "59"]
[EventDate "2019.04.07"]
[EventType "swiss"]
[EventRounds "9"]
[EventCountry "RUS"]
[SourceTitle "CBM 189 Extra"]
[Source "ChessBase"]
[SourceDate "2019.06.03"]
[SourceVersion "1"]
[SourceVersionDate "2019.06.03"]
[SourceQuality "1"]

1. e4 c5 2. Nf3 Nc6 3. Bb5 g5 4. Bxc6 dxc6 5. Nxg5 Nf6 6. e5 Qd5 7. Nf3 Ng4 8. Nc3 Qe6 9. d4 cxd4 10. Qxd4 Bg7 11. Bf4 f6 12. 0-0-0 0-0 13. Bg3 fxe5 14. Qe4 Qh6+ 15. Kb1 Bf5 16. Qe2 e4 17. Nxe4 Nf6 18. Nxf6+ exf6 19. Rhe1 Bg6 20. Nh4 f5 21. Nxg6 hxg6 22. Qc4+ Kh8 23. Bf4 Qh4 24. g3 Qf6 25. Be5 Qxe5 26. Rxe5 Bxe5 27. Rd7 Bf6 28. Qf4 g5 29. Qxf5 Bg7 30. Qg6 1-0

[Event "Sochi Amateur op 6th"]
[Site "Sochi"]
[Date "2019.04.09"]
[Round "4"]
[White "Vaseptsov, Maxim"]
[Black "Martinovici, Ilie"]
[Result "0-1"]
[WhiteElo "2256"]
[BlackElo "2378"]
[PlyCount "84"]
[EventDate "2019.04.07"]
[EventType "swiss"]
[EventRounds "9"]
[EventCountry "RUS"]
[SourceTitle "CBM 189 Extra"]
[Source "ChessBase"]
[SourceDate "2019.06.03"]
[SourceVersion "1"]
[SourceVersionDate "2019.06.03"]
[SourceQuality "1"]

1. e4 e6 2. d4 d5 3. exd5 exd5 4. c4 Nc6 5. Nf3 Nf6 6. Nc3 Bg4 7. Be3 Be7 8. h3 Bh5 9. g4 Bg6 10. g5 Ne4 11. Nxd5 0-0 12. Bg2 Bxg5 13. Nxg5 Nxg5 14. h4 Ne6 15. h5 Bf5 16. h6 Re8 17. Kf1 g6 18. Qd2 f6 19. Rd1 Kf7 20. Qc2 Rb8 21. b4 a6 22. a4 Na7 23. Bc1 Nf8 24. Ne3 Be4 25. f3 Bc6 26. b5 Bd7 27. d5 axb5 28. axb5 Nc8 29. Bb2 Nd6 30. Kf2 b6 31. Rd4 g5 32. f4 g4 33. Rh5 Ng6 34. f5 g3+ 35. Kxg3 Ne5 36. Rf4 Rg8+ 37. Kh2 Ra8 38. Rh3 Rg5 39. Rg3 Rg8 40. Ng4 Re8 41. Bh3 Bxf5 42. Nxe5+ Rxe5 0-1

[Event "Sochi ChessAmateur op10"]
[Site "Sochi"]
[Date "2018.10.16"]
[Round "7"]
[White "Vaseptsov, Maxim"]
[Black "Shalygin, Andreij"]
[Result "1-0"]
[WhiteElo "2239"]
[BlackElo "2311"]
[PlyCount "93"]
[EventDate "2018.10.12"]
[EventType "swiss"]
[EventRounds "9"]
[EventCountry "RUS"]
[SourceTitle "CBM 187 Extra"]
[Source "ChessBase"]
[SourceDate "2018.11.04"]
[SourceVersion "1"]
[SourceVersionDate "2018.11.04"]
[SourceQuality "1"]

1. e4 e6 2. d4 d5 3. Nc3 dxe4 4. Nxe4 Nf6 5. Bd3 Nbd7 6. Qe2 c5 7. Nf3 Qc7 8. Neg5 Qb6 9. Ne5 Nxe5 10. dxe5 Nd7 11. 0-0 Be7 12. Re1 Nf8 13. Qf3 Bxg5 14. Bxg5 Bd7 15. Rad1 Bc6 16. Be4 h6 17. Bc1 Ng6 18. Rd6 0-0 19. Bxc6 bxc6 20. Qxc6 Qa5 21. c3 Ne7 22. Qa6 Qxa6 23. Rxa6 Rfd8 24. Kf1 c4 25. Ke2 Rd5 26. f4 g5 27. g3 g4 28. Rd1 Kg7 29. Rxd5 Nxd5 30. Rc6 Nb6 31. Be3 Nd5 32. Rxc4 a5 33. b3 a4 34. b4 Kg6 35. a3 Kf5 36. Kd3 h5 37. Rd4 h4 38. Bf2 h3 39. b5 Rc8 40. c4 Nb6 41. Be1 Ra8 42. Rd6 Rb8 43. Ba5 Nd5 44. cxd5 Rxb5 45. Bb4 f6 46. dxe6 fxe5 47. e7 1-0

[Event "Cheliabinsk Satka"]
[Site "Cheliabinsk"]
[Date "2017.12.10"]
[Round "2"]
[White "Sitnikov, Anton"]
[Black "Vaseptsov, Maxim"]
[Result "1-0"]
[WhiteElo "2433"]
[BlackElo "2296"]
[PlyCount "71"]
[EventDate "2017.12.09"]
[EventType "tourn"]
[EventRounds "9"]
[EventCountry "RUS"]
[EventCategory "4"]
[SourceTitle "CBM 182 Extra"]
[Source "ChessBase"]
[SourceDate "2018.02.23"]
[SourceVersion "1"]
[SourceVersionDate "2018.02.23"]
[SourceQuality "1"]

1. e4 c5 2. Nc3 d6 3. Nge2 Nf6 4. d4 cxd4 5. Nxd4 a6 6. g3 e5 7. Nb3 Be7 8. Bg2 0-0 9. 0-0 b5 10. Re1 Nbd7 11. Bd2 Qc7 12. a4 b4 13. Na2 a5 14. c3 bxc3 15. Nxc3 Ba6 16. Rc1 Qb6 17. Nd5 Nxd5 18. Bxa5 Qb7 19. exd5 Nb6 20. Nc5 Qb8 21. Bxb6 dxc5 22. d6 Bxd6 23. Bxa8 Qxb6 24. a5 Qc7 25. Bg2 c4 26. Qd5 Re8 27. Red1 Bc5 28. Qd7 Qb8 29. Qc6 Qc8 30. Rd7 Bd4 31. Rc2 h5 32. Qxc8 Rxc8 33. Bd5 Bb5 34. Rb7 Rc5 35. Bxf7+ Kh7 36. b4 1-0

[Event "Cheliabinsk Satka"]
[Site "Cheliabinsk"]
[Date "2017.12.09"]
[Round "1"]
[White "Vaseptsov, Maxim"]
[Black "Smirnov, Boris"]
[Result "1-0"]
[WhiteElo "2296"]
[BlackElo "2253"]
[PlyCount "73"]
[EventDate "2017.12.09"]
[EventType "tourn"]
[EventRounds "9"]
[EventCountry "RUS"]
[EventCategory "4"]
[SourceTitle "CBM 182 Extra"]
[Source "ChessBase"]
[SourceDate "2018.02.23"]
[SourceVersion "1"]
[SourceVersionDate "2018.02.23"]
[SourceQuality "1"]

1. e4 c5 2. Nf3 e6 3. d4 cxd4 4. Nxd4 Nf6 5. Nc3 d6 6. Be3 a6 7. Qf3 Qc7 8. g4 Nc6 9. g5 Nd7 10. 0-0-0 b5 11. a3 Nde5 12. Qg2 Nxd4 13. Bxd4 Nc6 14. h4 Rb8 15. f4 b4 16. axb4 Rxb4 17. Be3 Qb8 18. b3 Na5 19. Bd3 g6 20. f5 gxf5 21. exf5 Bb7 22. Ne4 Qc7 23. Kd2 Rxe4 24. Bxe4 d5 25. Bd4 dxe4 26. Qh3 Bb4+ 27. Kc1 e5 28. Qg3 Bd6 29. Bc3 Nc6 30. Rxd6 Qxd6 31. Rd1 Qc5 32. g6 Ke7 33. f6+ Ke8 34. gxf7+ Kxf7 35. Qg7+ Ke6 36. Qd7+ Kxf6 37. Rf1+ 1-0

[Event "Cheliabinsk Panchenko Memorial IM"]
[Site "Cheliabinsk"]
[Date "2017.10.11"]
[Round "5"]
[White "Stankovic, Milos"]
[Black "Vaseptsov, Maxim"]
[Result "1/2-1/2"]
[WhiteElo "2399"]
[BlackElo "2331"]
[PlyCount "31"]
[EventDate "2017.10.07"]
[EventType "tourn"]
[EventRounds "9"]
[EventCountry "RUS"]
[EventCategory "4"]
[SourceTitle "CBM 181 Extra"]
[Source "ChessBase"]
[SourceDate "2017.12.12"]
[SourceVersion "1"]
[SourceVersionDate "2017.12.12"]
[SourceQuality "1"]

1. e4 e5 2. Nf3 Nc6 3. Bb5 g6 4. c3 Bg7 5. d4 exd4 6. cxd4 a6 7. Ba4 b5 8. Bb3 Nge7 9. Nc3 0-0 10. 0-0 d6 11. h3 Na5 12. Bc2 c5 13. dxc5 dxc5 14. Qxd8 Rxd8 15. Be3 Nb7 16. Rfd1 1/2-1/2

[Event "Cheliabinsk Panchenko Memorial IM"]
[Site "Cheliabinsk"]
[Date "2017.10.08"]
[Round "2"]
[White "Vaseptsov, Maxim"]
[Black "Tologontegin, Semetey"]
[Result "0-1"]
[WhiteElo "2331"]
[BlackElo "2392"]
[PlyCount "54"]
[EventDate "2017.10.07"]
[EventType "tourn"]
[EventRounds "9"]
[EventCountry "RUS"]
[EventCategory "4"]
[SourceTitle "CBM 181 Extra"]
[Source "ChessBase"]
[SourceDate "2017.12.12"]
[SourceVersion "1"]
[SourceVersionDate "2017.12.12"]
[SourceQuality "1"]

1. e4 g6 2. d4 Bg7 3. Nf3 d6 4. Bd3 Nf6 5. Qe2 0-0 6. e5 Nd5 7. c3 Bg4 8. h3 Bxf3 9. gxf3 dxe5 10. dxe5 Nc6 11. f4 Bh6 12. Qe4 Nxf4 13. Bxf4 Bxf4 14. Bb5 Bc1 15. a4 e6 16. Ke2 Qg5 17. a5 Rad8 18. Bxc6 bxc6 19. Re1 Qh5+ 20. f3 Qxh3 21. Rxc1 Qg2+ 22. Ke3 Qxb2 23. Rh1 Qxa1 24. Qh4 h5 25. Qe4 Qxa5 26. Kf4 Qd5 27. Qe3 Qd3 0-1

[Event "Moscow op-F 13th"]
[Site "Moscow"]
[Date "2017.01.31"]
[Round "5"]
[White "Kezin, Roman"]
[Black "Vaseptsov, Maxim"]
[Result "1/2-1/2"]
[WhiteElo "2439"]
[BlackElo "2348"]
[PlyCount "102"]
[EventDate "2017.01.27"]
[EventType "swiss"]
[EventRounds "9"]
[EventCountry "RUS"]
[SourceTitle "CBM 176 Extra"]
[Source "ChessBase"]
[SourceDate "2017.03.02"]
[SourceVersion "1"]
[SourceVersionDate "2017.03.02"]
[SourceQuality "1"]

1. d4 Nf6 2. c4 b6 3. Nc3 Bb7 4. Qc2 d5 5. cxd5 Nxd5 6. Nf3 Nxc3 7. bxc3 Nd7 8. e4 e5 9. Nxe5 Nxe5 10. dxe5 Qd7 11. Be3 0-0-0 12. Bc4 Qe8 13. Bf4 f6 14. 0-0 fxe5 15. Be3 Ba3 16. Rab1 Qe7 17. Rb5 a6 18. Rbb1 Bc5 19. Bxc5 Qxc5 20. Qe2 Qa5 21. Qe3 Rd6 22. Bb3 h6 23. Rbd1 Rhd8 24. Rxd6 Rxd6 25. h3 g5 26. Re1 Qb5 27. Qf3 Qe8 28. Bd5 Qe7 29. c4 c6 30. c5 Rf6 31. Qg4+ Kb8 32. Bb3 Qxc5 33. Qg3 Rd6 34. Re3 Rd4 35. Qg4 a5 36. Rf3 a4 37. Be6 Ka7 38. Rf7 Ka6 39. Qe2+ b5 40. Qg4 Qc1+ 41. Kh2 h5 42. Qxh5 Rxe4 43. Qh8 Rf4 44. Qxe5 Rxf7 45. Bxf7 Qd2 46. Kg1 Qc1+ 47. Kh2 Qd2 48. Kg1 Qc1+ 49. Kh2 Qd2 50. Kg1 Kb6 51. g3 c5 1/2-1/2

[Event "Cheliabinsk Lozovatsky Memorial-B"]
[Site "Cheliabinsk"]
[Date "2017.01.17"]
[Round "5"]
[White "Mischuk, Dmitry"]
[Black "Vaseptsov, Maxim"]
[Result "1-0"]
[WhiteElo "2374"]
[BlackElo "2348"]
[PlyCount "91"]
[EventDate "2017.01.14"]
[EventType "tourn"]
[EventRounds "10"]
[EventCountry "RUS"]
[EventCategory "3"]
[SourceTitle "EXT 2018"]
[Source "ChessBase"]
[SourceDate "2017.10.13"]
[SourceVersion "1"]
[SourceVersionDate "2017.10.13"]
[SourceQuality "1"]

1. e4 c5 2. Nf3 d6 3. d4 Nf6 4. Nc3 cxd4 5. Nxd4 a6 6. Nb3 e6 7. g4 b5 8. Bg2 Bb7 9. g5 Nfd7 10. f4 b4 11. Ne2 a5 12. 0-0 a4 13. Nbd4 Nc5 14. Ng3 Nbd7 15. Be3 Nb6 16. b3 d5 17. e5 g6 18. f5 exf5 19. Ngxf5 gxf5 20. Qh5 Bc8 21. Bh3 Rg8 22. Bxf5 Rg6 23. e6 Nxe6 24. Nxe6 Bxe6 25. Bxe6 fxe6 26. Qxh7 Rxg5+ 27. Kh1 Qe7 28. Qh3 Kd7 29. Rae1 Re5 30. Bxb6 Rxe1 31. Rxe1 axb3 32. axb3 Bg7 33. Qd3 Kc6 34. Bf2 Qf6 35. Qe3 Ra1 36. Rxa1 Qxa1+ 37. Kg2 Qf6 38. Qc5+ Kd7 39. Qb5+ Ke7 40. Qxb4+ Kf7 41. Qg4 Qb2 42. Qh5+ Kf8 43. Bc5+ Kg8 44. Qg6 e5 45. Be3 Kf8 46. Qd6+ 1-0

[Event "Cheliabinsk Lozovatsky Memorial-B"]
[Site "Cheliabinsk"]
[Date "2017.01.16"]
[Round "4"]
[White "Vaseptsov, Maxim"]
[Black "Polosin, Evgeni"]
[Result "1-0"]
[WhiteElo "2348"]
[BlackElo "2125"]
[PlyCount "115"]
[EventDate "2017.01.14"]
[EventType "tourn"]
[EventRounds "10"]
[EventCountry "RUS"]
[EventCategory "3"]
[SourceTitle "EXT 2018"]
[Source "ChessBase"]
[SourceDate "2017.10.13"]
[SourceVersion "1"]
[SourceVersionDate "2017.10.13"]
[SourceQuality "1"]

1. e4 e5 2. Nf3 Nc6 3. Bb5 a6 4. Ba4 Nge7 5. Bb3 d5 6. Nc3 d4 7. Ng5 Be6 8. Bxe6 fxe6 9. Qh5+ Ng6 10. Nxe6 Qd7 11. Nd5 Bd6 12. Qh3 Nd8 13. Ng5 Qxh3 14. Nxh3 b5 15. c3 c6 16. Nb4 Bxb4 17. cxb4 d3 18. b3 Ne6 19. Bb2 0-0-0 20. f3 h6 21. Kf2 Rhf8 22. Ke3 Nh4 23. Rhg1 Nd4 24. Bxd4 exd4+ 25. Kf2 g5 26. Rgc1 Kb7 27. Kg1 Ng6 28. Rc5 Rde8 29. Rf1 Kb6 30. a4 Re5 31. a5+ Kc7 32. Nf2 Rxc5 33. bxc5 Ne5 34. b4 h5 35. Ra1 g4 36. fxg4 hxg4 37. Ra3 Re8 38. Rb3 Re7 39. Kf1 Rh7 40. Nxd3 Nc4 41. Ke2 Rxh2 42. Nf4 Ne5 43. Rb1 Kd7 44. Rf1 Ke7 45. Kf2 Rh8 46. Kg3 Rh6 47. Ne2 d3 48. Nd4 Rg6 49. Rh1 Nc4 50. Kf4 Nxd2 51. Rd1 Nc4 52. Rxd3 Kf6 53. Nxc6 Kg7 54. Rd7+ Kf8 55. Nd4 Rf6+ 56. Nf5 Kg8 57. c6 Rf8 58. c7 1-0

[Event "Cheliabinsk IM"]
[Site "Cheliabinsk"]
[Date "2016.12.14"]
[Round "6"]
[White "Vaseptsov, Maxim"]
[Black "Simantsev, Mikhail"]
[Result "0-1"]
[WhiteElo "2344"]
[BlackElo "2500"]
[PlyCount "62"]
[EventDate "2016.12.09"]
[EventType "tourn"]
[EventRounds "9"]
[EventCountry "RUS"]
[EventCategory "3"]
[SourceTitle "CBM 176 Extra"]
[Source "ChessBase"]
[SourceDate "2017.03.02"]
[SourceVersion "1"]
[SourceVersionDate "2017.03.02"]
[SourceQuality "1"]

1. e4 e5 2. Nf3 Nc6 3. Bb5 a6 4. Ba4 Nf6 5. d3 b5 6. Bb3 Bc5 7. Nc3 d6 8. Nd5 h6 9. 0-0 Na5 10. Be3 Bxe3 11. fxe3 Nxb3 12. axb3 Nxd5 13. exd5 0-0 14. e4 f5 15. Nd2 c6 16. exf5 Bxf5 17. Qh5 Qb6+ 18. Kh1 Bh7 19. Qg4 cxd5 20. Qe6+ Kh8 21. Qxd5 Bg8 22. Qe4 Rac8 23. c3 Rf2 24. Rxf2 Qxf2 25. Qe1 Rf8 26. h3 Qxe1+ 27. Rxe1 Rf2 28. Ne4 Rxb2 29. b4 d5 30. Nc5 d4 31. cxd4 exd4 0-1

[Event "Cheliabinsk IM"]
[Site "Cheliabinsk"]
[Date "2016.12.12"]
[Round "4"]
[White "Vaseptsov, Maxim"]
[Black "Remizov, Yaroslav"]
[Result "0-1"]
[WhiteElo "2344"]
[BlackElo "2182"]
[PlyCount "114"]
[EventDate "2016.12.09"]
[EventType "tourn"]
[EventRounds "9"]
[EventCountry "RUS"]
[EventCategory "3"]
[SourceTitle "CBM 176 Extra"]
[Source "ChessBase"]
[SourceDate "2017.03.02"]
[SourceVersion "1"]
[SourceVersionDate "2017.03.02"]
[SourceQuality "1"]

1. e4 d6 2. Nf3 Nf6 3. Nc3 e5 4. d4 Nbd7 5. Bc4 Be7 6. 0-0 0-0 7. a4 c6 8. Ba2 a5 9. h3 exd4 10. Nxd4 Nc5 11. Qf3 Be6 12. Nf5 Qd7 13. Nxe7+ Qxe7 14. Bb1 Nfxe4 15. Nxe4 Bd5 16. Nf6+ Qxf6 17. Qxf6 gxf6 18. Ra3 Kh8 19. Rg3 Rg8 20. b3 Rxg3 21. fxg3 Kg7 22. Bb2 Nd7 23. Rd1 Re8 24. Kf2 Nc5 25. g4 Re6 26. Bd4 Kf8 27. h4 Ke7 28. h5 Ne4+ 29. Kf1 c5 30. c4 Bc6 31. Ba1 h6 32. Bd3 d5 33. Bb2 d4 34. Kg1 Ng5 35. Ba3 b6 36. Kf2 Be4 37. Bc1 Bxd3 38. Rxd3 Re4 39. Kg3 Re1 40. Bf4 Kd7 41. Kf2 Rb1 42. Kg3 Rb2 43. Bc1 Rc2 44. Bf4 Ke6 45. Bc7 Rc3 46. Rxc3 dxc3 47. Kf2 c2 48. Bf4 f5 49. Ke2 fxg4 50. Kd2 Kf5 51. Bc7 Ne6 52. Bxb6 Nd4 53. Bd8 Ke5 54. Be7 f5 55. Bf8 f4 56. Bxh6 Kf5 57. Bxf4 c1Q+ 0-1

[Event "Cheliabinsk Panchenko Memorial"]
[Site "Cheliabinsk"]
[Date "2016.10.22"]
[Round "9"]
[White "Kholopov, Alexander A"]
[Black "Vaseptsov, Maxim"]
[Result "0-1"]
[WhiteElo "2281"]
[BlackElo "2274"]
[PlyCount "61"]
[EventDate "2016.10.14"]
[EventType "tourn"]
[EventRounds "9"]
[EventCountry "RUS"]
[EventCategory "4"]
[SourceTitle "CBM 175 Extra"]
[Source "ChessBase"]
[SourceDate "2016.12.12"]
[SourceVersion "1"]
[SourceVersionDate "2016.12.12"]
[SourceQuality "1"]

1. c4 e6 2. Nc3 b6 3. d4 Bb7 4. e4 Bb4 5. f3 Bxc3+ 6. bxc3 Ne7 7. Bd3 d6 8. f4 f5 9. Qe2 Qd7 10. Nf3 Nbc6 11. 0-0 0-0-0 12. Re1 Rde8 13. Bd2 h6 14. Rab1 Rhf8 15. Rbd1 Kb8 16. e5 dxe5 17. dxe5 Rg8 18. Be3 Qc8 19. h4 Ng6 20. g3 Nh8 21. c5 Nf7 22. cxb6 axb6 23. Bc1 g5 24. fxg5 hxg5 25. hxg5 Rh8 26. Bf4 Ncxe5 27. Bxe5 Nxe5 28. Qxe5 Bxf3 29. Rb1 Qb7 30. c4 Bg4 31. Qf4 0-1

[Event "Cheliabinsk Panchenko Memorial"]
[Site "Cheliabinsk"]
[Date "2016.10.21"]
[Round "8"]
[White "Vaseptsov, Maxim"]
[Black "Gutenev, Alexander"]
[Result "1/2-1/2"]
[WhiteElo "2274"]
[BlackElo "2407"]
[PlyCount "30"]
[EventDate "2016.10.14"]
[EventType "tourn"]
[EventRounds "9"]
[EventCountry "RUS"]
[EventCategory "4"]
[SourceTitle "CBM 175 Extra"]
[Source "ChessBase"]
[SourceDate "2016.12.12"]
[SourceVersion "1"]
[SourceVersionDate "2016.12.12"]
[SourceQuality "1"]

1. e4 c5 2. Nf3 d6 3. Bb5+ Nd7 4. 0-0 a6 5. Bd3 e6 6. c3 Ne7 7. Bc2 Ng6 8. d4 Be7 9. Re1 Qc7 10. Nbd2 b6 11. Nf1 Bb7 12. d5 0-0 13. a4 Bf6 14. Ne3 c4 15. Qe2 Rac8 1/2-1/2

[Event "Cheliabinsk Panchenko Memorial"]
[Site "Cheliabinsk"]
[Date "2016.10.19"]
[Round "6"]
[White "Vaseptsov, Maxim"]
[Black "Radzhabov, Rodion"]
[Result "1-0"]
[WhiteElo "2274"]
[BlackElo "2168"]
[PlyCount "71"]
[EventDate "2016.10.14"]
[EventType "tourn"]
[EventRounds "9"]
[EventCountry "RUS"]
[EventCategory "4"]
[SourceTitle "CBM 175 Extra"]
[Source "ChessBase"]
[SourceDate "2016.12.12"]
[SourceVersion "1"]
[SourceVersionDate "2016.12.12"]
[SourceQuality "1"]

1. Nf3 d5 2. g3 c6 3. Bg2 Bg4 4. d3 Nd7 5. Nbd2 e6 6. h3 Bh5 7. 0-0 Bd6 8. e4 Ne7 9. Qe1 0-0 10. Nh4 Qc7 11. d4 f6 12. c4 b6 13. b3 Rae8 14. Bb2 Bf7 15. Nhf3 Qb8 16. e5 fxe5 17. Nxe5 Nxe5 18. dxe5 Bc5 19. Qe2 Nf5 20. Kh2 Rd8 21. Nf3 Kh8 22. Rad1 Be7 23. cxd5 cxd5 24. g4 Nh4 25. Nd4 Nxg2 26. Kxg2 Rc8 27. f4 Bc5 28. f5 Bxd4 29. Bxd4 Qc7 30. Rf2 Bg8 31. Rdf1 Qf7 32. Qe3 exf5 33. gxf5 Qh5 34. e6 Rce8 35. f6 Rxf6 36. Rxf6 1-0

[Event "Cheliabinsk Panchenko Memorial"]
[Site "Cheliabinsk"]
[Date "2016.10.14"]
[Round "1"]
[White "Polschikov, Alexey"]
[Black "Vaseptsov, Maxim"]
[Result "1/2-1/2"]
[WhiteElo "2406"]
[BlackElo "2274"]
[PlyCount "70"]
[EventDate "2016.10.14"]
[EventType "tourn"]
[EventRounds "9"]
[EventCountry "RUS"]
[EventCategory "4"]
[SourceTitle "CBM 175 Extra"]
[Source "ChessBase"]
[SourceDate "2016.12.12"]
[SourceVersion "1"]
[SourceVersionDate "2016.12.12"]
[SourceQuality "1"]

1. e4 e5 2. Nf3 Nc6 3. Bb5 g6 4. c3 a6 5. Ba4 Bg7 6. d4 exd4 7. cxd4 b5 8. Bb3 Nge7 9. d5 Na5 10. d6 cxd6 11. Nc3 Bb7 12. Qxd6 Rc8 13. 0-0 Rc6 14. Qd3 0-0 15. Bd5 Nxd5 16. Nxd5 Nc4 17. Rb1 h6 18. b3 Nb6 19. Nxb6 Rxb6 20. Bb2 Re6 21. Bxg7 Kxg7 22. Qd4+ Qf6 23. Qxf6+ Kxf6 24. Rbd1 Rd8 25. e5+ Ke7 26. Rfe1 Bxf3 27. gxf3 d6 28. f4 dxe5 29. Rxd8 Kxd8 30. fxe5 Rc6 31. Re4 Ke7 32. Kg2 Rc2 33. a4 Rc3 34. axb5 axb5 35. Rb4 Rc5 1/2-1/2

[Event "Zudov Memorial 12th"]
[Site "Nizhnij Tagil"]
[Date "2016.09.13"]
[Round "6"]
[White "Drygalov, Andrey"]
[Black "Vaseptsov, Maxim"]
[Result "1-0"]
[WhiteElo "2318"]
[BlackElo "2274"]
[PlyCount "89"]
[EventDate "2016.09.08"]
[EventType "swiss"]
[EventRounds "9"]
[EventCountry "RUS"]
[SourceTitle "CBM 174 Extra"]
[Source "ChessBase"]
[SourceDate "2016.10.10"]
[SourceVersion "1"]
[SourceVersionDate "2016.10.10"]
[SourceQuality "1"]

1. e4 e5 2. Nf3 Nc6 3. Bc4 Bc5 4. 0-0 Nf6 5. d3 0-0 6. c3 d5 7. exd5 Nxd5 8. Re1 Bg4 9. h3 Bh5 10. b4 Be7 11. b5 Na5 12. Rxe5 Nf6 13. Bb3 Bd6 14. Re1 Nxb3 15. axb3 Qd7 16. c4 Bb4 17. Bd2 Bxd2 18. Nbxd2 Qxd3 19. Re3 Qd6 20. Qc2 Bxf3 21. Nxf3 Qb6 22. Rae1 Rae8 23. Rxe8 Rxe8 24. Rxe8+ Nxe8 25. Qe4 Nf6 26. Qf5 g6 27. Qe5 Qd6 28. Qxd6 cxd6 29. Kf1 Kf8 30. Ke2 d5 31. Ke3 dxc4 32. bxc4 Ke7 33. Kd4 Nd7 34. c5 Nf8 35. Kc4 f6 36. Nd4 Ne6 37. c6 b6 38. Nxe6 Kxe6 39. f4 h5 40. g4 hxg4 41. hxg4 Kd6 42. f5 g5 43. Kc3 Kc7 44. Kb3 Kd6 45. Kc4 1-0

[Event "Zudov Memorial 12th"]
[Site "Nizhnij Tagil"]
[Date "2016.09.11"]
[Round "4"]
[White "Iskusnyh, Sergei"]
[Black "Vaseptsov, Maxim"]
[Result "0-1"]
[WhiteElo "2461"]
[BlackElo "2274"]
[PlyCount "54"]
[EventDate "2016.09.08"]
[EventType "swiss"]
[EventRounds "9"]
[EventCountry "RUS"]
[SourceTitle "CBM 174 Extra"]
[Source "ChessBase"]
[SourceDate "2016.10.10"]
[SourceVersion "1"]
[SourceVersionDate "2016.10.10"]
[SourceQuality "1"]

1. d4 Nf6 2. c4 b6 3. Nf3 Bb7 4. g3 g6 5. Nc3 Bg7 6. d5 0-0 7. Bg2 Na6 8. 0-0 Nc5 9. Nd4 e5 10. Nc2 a5 11. b3 Ne8 12. e4 Nd6 13. Be3 Qe7 14. Rb1 f6 15. Qd2 Ba6 16. Rfe1 Rfb8 17. f3 Nf7 18. Kh1 Bf8 19. f4 Bg7 20. Rbd1 Rd8 21. Qf2 Rab8 22. Bc1 Re8 23. Ba3 Rf8 24. f5 g5 25. Bf3 Rfc8 26. Bh5 Nd6 27. Bxc5 bxc5 0-1

[Event "Zudov Memorial 12th"]
[Site "Nizhnij Tagil"]
[Date "2016.09.10"]
[Round "3"]
[White "Vaseptsov, Maxim"]
[Black "Ivanov, Alexander V2222"]
[Result "1-0"]
[WhiteElo "2274"]
[BlackElo "2085"]
[PlyCount "99"]
[EventDate "2016.09.08"]
[EventType "swiss"]
[EventRounds "9"]
[EventCountry "RUS"]
[SourceTitle "CBM 174 Extra"]
[Source "ChessBase"]
[SourceDate "2016.10.10"]
[SourceVersion "1"]
[SourceVersionDate "2016.10.10"]
[SourceQuality "1"]

1. e4 e5 2. Nf3 d6 3. d4 Nf6 4. Nc3 Nbd7 5. Bc4 Be7 6. 0-0 0-0 7. a4 c6 8. Ba2 Qc7 9. Qe2 b6 10. Rd1 Bb7 11. Nh4 a6 12. Nf5 Rae8 13. Bg5 exd4 14. Rxd4 d5 15. exd5 Bc5 16. d6 Rxe2 17. dxc7 Re5 18. Rf4 g6 19. Nh6+ Kg7 20. h4 Bd6 21. Rd4 Bxc7 22. f4 Ree8 23. Rad1 Bc8 24. b4 c5 25. bxc5 Nxc5 26. Bxf6+ Kxh6 27. Nd5 Bb8 28. Be7 Rh8 29. Bg5+ Kg7 30. Bf6+ Kh6 31. Bxh8 Rxh8 32. Nxb6 Bg4 33. Re1 Ne6 34. Bxe6 Bxe6 35. a5 Kh5 36. c4 Bf5 37. c5 Kxh4 38. c6 Kg4 39. Kf2 Be6 40. g3 h5 41. Nd5 h4 42. f5+ Kxf5 43. c7 hxg3+ 44. Kxg3 Kg5 45. Re5+ Bf5 46. Rg4+ Kh6 47. Rh4+ Kg7 48. Rxh8 Bxc7 49. Nxc7 Kxh8 50. Nxa6 1-0

[Event "Zudov Memorial 12th"]
[Site "Nizhnij Tagil"]
[Date "2016.09.09"]
[Round "2"]
[White "Matsenko, Sergei"]
[Black "Vaseptsov, Maxim"]
[Result "1/2-1/2"]
[WhiteElo "2522"]
[BlackElo "2274"]
[PlyCount "81"]
[EventDate "2016.09.08"]
[EventType "swiss"]
[EventRounds "9"]
[EventCountry "RUS"]
[SourceTitle "CBM 174 Extra"]
[Source "ChessBase"]
[SourceDate "2016.10.10"]
[SourceVersion "1"]
[SourceVersionDate "2016.10.10"]
[SourceQuality "1"]

1. d4 Nf6 2. c4 b6 3. Nf3 Bb7 4. g3 g6 5. Bg2 Bg7 6. 0-0 0-0 7. d5 Ne4 8. Qc2 f5 9. Nbd2 Nd6 10. Rd1 c6 11. e4 Na6 12. e5 Nf7 13. e6 Nd6 14. exd7 cxd5 15. Ng5 Qxd7 16. cxd5 Rac8 17. Qb3 Nc5 18. Qe3 h6 19. Ngf3 Nde4 20. Nxe4 fxe4 21. Ne1 Bxd5 22. Rb1 Qf5 23. b3 Bb7 24. Bb2 e5 25. Ba3 Rf7 26. Rbc1 Rfc7 27. Bxc5 Rxc5 28. Rxc5 Rxc5 29. Qe2 Kh7 30. Nc2 Rc7 31. Ne3 Qg5 32. h4 Qh5 33. Qxh5 gxh5 34. Rd8 Kg6 35. Nc4 Bf6 36. Rb8 Bc6 37. Kh2 Bd5 38. Ne3 Bc6 39. Nc4 Bd5 40. Ne3 Bc6 41. Nc4 1/2-1/2